Vlaggen van landen met vogels - Statistieken

Algemene statistieken
  • Deze quiz is 19 keer genomen
  • De gemiddelde score is 7 van 14
Antwoordstatistieken
Antwoord % Correct
Zambia
76%
Albanië
71%
Mexico
71%
Moldavië
71%
Papoea-Nieuw-Guinea
59%
Zimbabwe
53%
Ecuador
47%
Dominica
41%
Egypte
41%
Montenegro
35%
Kazachstan
29%
Oeganda
29%
Kiribati
24%
Guatemala
18%
Geen overeenkomende quizzen gevonden
Scoreverdeling
Procent van Mensen met Elke Score
Percentiel versus Aantal Correcte Antwoorden
Uw Scoregeschiedenis
U heeft deze quiz nog niet genomen